Statistiques concernant Focus sur: Farin - Tolkien

Cliquez ici pour prendre le quiz!

Statistiques générales

  • Ce quiz a été pris 4 fois
  • Le résultat moyen est 6 sur 9

Statistiques - réponses

Informations recherchéesRéponses% Correct
Erebor
100%
EspèceNain
100%
Maison (lignée)Durin
75%
Première mentionLe Hobbit
75%
Age durant lequel il vécutTroisième
75%
FilsFundin
50%
Contrées et royaumesMontagnes Grises
50%
PèreBorin
25%
Gróin
0%

Distribution des résultats

Percentile par nombre de réponses

% des personnes avec chaque résultat

Votre développement - résultats

Vous n’avez pas pris ce quiz